<?xml version="1.0" encoding="UTF-8"?>
<collection xmlns="http://www.loc.gov/MARC21/slim">
 <record>
  <leader>00458pamaa2200157   4500</leader>
  <controlfield tag="001">0000052192</controlfield>
  <controlfield tag="005">20140205090000.0</controlfield>
  <controlfield tag="008">140205s2011                             eng  </controlfield>
  <datafield tag="022" ind1="0" ind2="0">
   <subfield code="a">17570875</subfield>
  </datafield>
  <datafield tag="245" ind1="0" ind2="0">
   <subfield code="a">Elektor : </subfield>
   <subfield code="b">vol. 37, no. 1, 3-6, 2011.</subfield>
  </datafield>
  <datafield tag="260" ind1="0" ind2="0">
   <subfield code="a">[Canterbury, Eng.: </subfield>
   <subfield code="b">Elektor Publishers Ltd.,, </subfield>
   <subfield code="c">1974-c1984].</subfield>
  </datafield>
  <datafield tag="300" ind1=" " ind2=" ">
   <subfield code="a">v: </subfield>
   <subfield code="b">30 cm.</subfield>
  </datafield>
  <datafield tag="500" ind1="0" ind2="0">
   <subfield code="a">Title from cover</subfield>
  </datafield>
  <datafield tag="650" ind1="0" ind2="0">
   <subfield code="a">Electronics -- </subfield>
   <subfield code="x">Periodicals </subfield>
  </datafield>
  <datafield tag="650" ind1="0" ind2="0">
   <subfield code="a">Journal </subfield>
  </datafield>
  <datafield tag="901" ind1=" " ind2=" ">
   <subfield code="u">www.elektor.com</subfield>
  </datafield>
 </record>
</collection>
